Komparácia grafických formátov fotografií = Comparison of graphic formats of photos : Bakalárska práca

Enregistré dans:
Détails bibliographiques
Auteur principal: Cepko, Lukáš, 1986- (Auteur)
Autres auteurs: Mišútová, Mária, 1962- (xxx)
Format: Manuscrit Livre
Langue:slovaque
Publié: Trnava : STU v Bratislave MTF UIAM, 2009
Sujets:
Tags: Ajouter un tag
Pas de tags, Soyez le premier à ajouter un tag!

MARC

LEADER 00000ntm a22000003a 4500
001 stu197881
005 20160719160132.1
008 100113s2009----xo------------------slo-d
040 |a STU  |b slo 
041 0 |a slo 
044 |a xo 
100 1 |a Cepko, Lukáš,  |d 1986-  |4 aut  |X 37243  |7 A000037243 
245 1 |a Komparácia grafických formátov fotografií = Comparison of graphic formats of photos :  |b Bakalárska práca 
260 |a Trnava :  |b STU v Bratislave MTF UIAM,  |c 2009 
300 |a 42 s  |c Prílohy + 1 CD-ROM 
500 |a Študijný program: aplikovaná informatika a automatizácia v priemysle 
500 |a Kombinácia študijných odborov: 5.2.14 automatizácia, 9.2.9 aplikovaná informatika 
650 7 |a rastrová grafika  |2 stusub 
650 7 |a farebný model  |2 stusub 
650 7 |a grafické formáty  |2 stusub 
700 1 |a Mišútová, Mária,  |d 1962-  |4 xxx  |u M6000  |U MTF Materiálovotechnologická fakulta  |T MTF Ústav aplikovanej informatiky, automatizácie a matematiky  |X 266  |U M6000  |Y 86  |7 A000000266 
996 |b 284M077305  |c M*BP-3888  |l MMSKP  |s P  |a 0  |w stu197881_0001